| 000 | 00906nam a2200217Ia 4500 | ||
|---|---|---|---|
| 999 |
_c39246 _d39246 |
||
| 001 | 5832 | ||
| 003 | GE_BSU | ||
| 005 | 20190504150307.0 | ||
| 008 | 181216s1977||||ge |||||||||||||| ||geo|| | ||
| 040 | _cGE_BSU | ||
| 041 | _ageo | ||
| 080 | _a625.7.003.1 + 33(075) ტ-92 | ||
| 100 |
_aტურაშვილი, ა. _9706 |
||
| 245 |
_aსაგზაო მშენებლობის ეკონომიკა / _cა. ტურაშვილი ; რედ.ც. კვინტრაძე. |
||
| 264 |
_aთბილისი : _bგანათლება, _c1977. |
||
| 300 |
_a326 გვ. : _bნახაზები ; _c22 გვ. |
||
| 504 | _aბიბლიოგრ. : გვ. 325. | ||
| 653 | _aსაგზაო მშენებლობის ეკონომიკა | ||
| 700 |
_aც. კვინტრაძე _eრედაქტორი _9707 |
||
| 942 |
_cBK _2udc |
||